[Event "DSenMMdL 2018 65+"]
[Site "Templin"]
[Date "2018.09.13"]
[Round "4.4"]
[White "Maahs, Erich"]
[Black "Krüger, Gerhard"]
[Result "1-0"]
[WhiteElo "2043"]
[BlackElo "1967"]
[PlyCount "112"]
[EventDate "2018.??.??"]
[WhiteTeam "Hamburg"]
[BlackTeam "Mecklenburg-Vorpommern"]

1. d4 d5 2. Bg5 Nd7 3. Nf3 Ngf6 4. e3 e6 5. Nbd2 Be7 6. c4 c6 7. Bd3 dxc4 8.
Bxc4 b5 9. Bd3 a6 10. O-O c5 11. Rc1 c4 12. Bb1 Bb7 13. e4 Rc8 14. Qe2 O-O 15.
Rfd1 h6 16. Bh4 Nh7 17. Bxe7 Qxe7 18. Nf1 Ng5 19. Ng3 Rfe8 20. Ne1 e5 21. Nf5
Qf6 22. d5 Kh7 23. h4 g6 24. hxg5 hxg5 25. Ne3 Nc5 26. Qg4 Kg7 27. Nf3 Rh8 28.
Qxg5 Qxg5 29. Nxg5 Rh5 30. Nh3 Rch8 31. f3 Bc8 32. Nf2 f5 33. b4 Nb7 34. d6 Bd7
35. Nd5 a5 36. Nb6 Rd8 37. bxa5 Nxa5 38. Nxd7 Rxd7 39. Rd5 Nc6 40. Kf1 Nd4 41.
Rxe5 Rxd6 42. Rd1 Kf6 43. Rc5 Ke6 44. exf5+ gxf5 45. Re1+ Kf6 46. Ree5 c3 47.
Ne4+ fxe4 48. Rxh5 exf3 49. g4 Ne6 50. Rxb5 Rd1+ 51. Kf2 Rd2+ 52. Kg3 c2 53.
Bxc2 Rxc2 54. Rh6+ Ke7 55. Rb7+ Nc7 56. Rh7+ Kd6 1-0